Alle Städte Schleswig-Holsteins - Statistiken

Allgemein
  • Dieses Quiz wurde 472 mal gespielt
  • Das Durchschnittsergebnis liegt bei 34 aus 63
Antwortstatistiken
Einwohnerzahl Stadt Landkreis % Korrekt
246.794 Kiel kreisfreie Stadt
99%
90.164 Flensburg kreisfreie Stadt
98%
216.530 Lübeck kreisfreie Stadt
97%
43.667 Pinneberg Pinneberg
93%
80.196 Neumünster kreisfreie Stadt
90%
8.926 Plön Plön
89%
28.896 Rendsburg Rendsburg-Eckernförde
88%
25.416 Schleswig Schleswig-Flensburg
84%
21.728 Eckernförde Rendsburg-Eckernförde
83%
17.381 Bad Segeberg Segeberg
82%
23.189 Husum Nordfriesland
82%
79.357 Norderstedt Segeberg
79%
31.803 Itzehoe Steinburg
74%
49.983 Elmshorn Pinneberg
73%
21.852 Heide (Holstein) Dithmarschen
70%
24.690 Bad Oldesloe Stormarn
69%
11.402 Lauenburg/Elbe Herzogtum Lauenburg
68%
17.013 Eutin Ostholstein
67%
14.525 Ratzeburg Herzogtum Lauenburg
66%
33.728 Ahrensburg Stormarn
64%
19.131 Mölln Herzogtum Lauenburg
60%
20.044 Bad Schwartau Ostholstein
59%
9.992 Niebüll Nordfriesland
59%
30.688 Geesthacht Herzogtum Lauenburg
57%
12.380 Brunsbüttel Dithmarschen
56%
15.043 Neustadt in Holstein Ostholstein
55%
6.114 Glücksburg (Ostsee) Schleswig-Flensburg
53%
10.931 Glückstadt Steinburg
53%
33.708 Wedel Pinneberg
53%
15.952 Preetz Plön
52%
22.109 Kaltenkirchen Segeberg
51%
9.794 Oldenburg in Holstein Ostholstein
51%
21.331 Quickborn Pinneberg
51%
12.638 Fehmarn Ostholstein
50%
27.950 Reinbek Stormarn
50%
281 Arnis Schleswig-Flensburg
45%
14.773 Bad Bramstedt Segeberg
44%
8.567 Kappeln Schleswig-Flensburg
44%
4.222 Wyk auf Föhr Nordfriesland
44%
16.077 Bargteheide Stormarn
43%
7.247 Meldorf Dithmarschen
41%
18.466 Glinde Stormarn
39%
16.551 Schwarzenbek Herzogtum Lauenburg
39%
5.951 Marne (Holstein) Dithmarschen
38%
19.332 Schenefeld (Kreis Pinneberg) Pinneberg
37%
18.567 Uetersen Pinneberg
37%
9.122 Heiligenhafen Ostholstein
36%
13.762 Schwentinental Plön
36%
8.133 Kellinghusen Steinburg
35%
4.984 Tönning Nordfriesland
35%
14.066 Tornesch Pinneberg
34%
10.356 Barmstedt Pinneberg
33%
5.543 Bredstedt Nordfriesland
33%
2.653 Friedrichstadt Nordfriesland
33%
4.287 Wilster Steinburg
32%
5.269 Lütjenburg Plön
31%
9.041 Reinfeld (Holstein) Stormarn
31%
10.466 Büdelsdorf Rendsburg-Eckernförde
29%
9.751 Wahlstedt Segeberg
27%
3.415 Wesselburen Dithmarschen
27%
6.866 Nortorf Rendsburg-Eckernförde
26%
2.818 Garding Nordfriesland
24%
2.357 Krempe (Steinburg) Steinburg
24%
Keine übereinstimmenden Quizze gefunden
Verteilung der Resultate
Anzahl Personen mit jedem Resultat
Perzentil nach korrekt beantworteten Fragen
Ihre Resultats-Entwicklung
Sie haben dieses Quiz noch nicht gespielt